Les pokemons par couleur : violet - Statistiques

Statistiques générales
  • Ce quiz a été pris 20 fois
  • Le résultat moyen est 48 sur 113
Statistiques - réponses
Réponse % Correct
0023 Abo
94%
0024 Arbok
94%
0094 Ectoplasma
94%
0094 Ectoplasma Gigamax
94%
0089 Grotadmorv
94%
0094 Méga-Ectoplasma
94%
0093 Spectrum
94%
0088 Tadmorv
94%
0092 Fantominus
88%
0034 Nidoking
88%
0032 Nidoran mâle
88%
0033 Nidorino
88%
0150 Méga-Mewtwo X
81%
0150 Méga-Mewtwo Y
81%
0150 Mewtwo
81%
0109 Smogo
81%
0110 Smogogo
81%
0049 Aéromite
75%
0196 Mentali
75%
0048 Mimitoss
69%
0019 Rattata
69%
0425 Baudrive
63%
0091 Crustabri
63%
0426 Grodrive
63%
0090 Kokiyas
63%
0142 Méga-Ptéra
63%
0132 Métamorph
63%
0042 Nosferalto
63%
0041 Nosferapti
63%
0169 Nostenfer
63%
0142 Ptéra
63%
0649 Genesect
56%
0429 Magirêve
56%
0302 Méga-Ténéfix
56%
0302 Ténéfix
56%
0210 Granbull
50%
0435 Moufflair
50%
0434 Moufouette
50%
0849 SalarsenForme Aigüe
50%
0849 SalarsenForme Grave
50%
0849 Salarsen Gigamax
50%
0442 Spiritomb
50%
0121 Staross
50%
0848 Toxizap
50%
0424 Capidextre
44%
0190 Capumain
44%
0509 Chacripan
44%
0301 Delcatty
44%
0510 Léopardus
44%
0381 Méga-Latios
44%
1008 Miraidon
44%
0207 Scorplane
44%
0317 Avaltout
38%
0705 Colimucus
38%
0452 Drascore
38%
0890 Ethernatos
38%
0890 Ethernatos Infinimax
38%
0720 Hoopa Déchaîné
38%
0720 Hoopa Enchaîné
38%
0380 Méga-Latias
38%
0704 Mucuscule
38%
0706 Muplodocus
38%
0706 MuplodocusForme de Hisui
38%
1025 Pêchaminus
38%
0451 Rapion
38%
0472 Scorvol
38%
0788 Tokopisco
38%
0803 Vémini
38%
0144 ArtikodinForme de Galar
31%
0268 Blindalys
31%
0715 Bruyverne
31%
0314 Lumivole
31%
0792 Lunala
31%
0804 Mandrillon
31%
0714 Sonistrelle
31%
0205 Foretress
25%
0326 Groret
25%
0620 Shaofouine
25%
0236 Debugant
19%
0345 Lilia
19%
937 Malvalame
19%
0575 Mesmérella
19%
0105 Ossatueur Forme d'Alola
19%
0484 Palkia
19%
0484 PalkiaForme Originelle
19%
0855 Polthégeist
19%
0422 SancokiMer Occident
19%
0574 Scrutella
19%
0576 Sidérella
19%
0854 Théffroi
19%
0423 TritosorMer Occident
19%
0861 Angoliath
13%
0861 AngoliathGigamax
13%
0421 CeriflorTemps Couvert
13%
0226 Démanta
13%
0756 Lampignon
13%
0774 MéténoNoyau Violet
13%
0741 PlumelineStyle Buyõ
13%
0755 Spododo
13%
0876 Wimessir femelle
13%
0876 Wimessir mâle
13%
0762 Candine
6%
0823 Corvaillus
6%
0823 CorvaillusGigamax
6%
0739 Crabagarre
6%
0761 Croquine
6%
984 Fort-Ivoire
6%
0866 M.Glaquette
6%
0877 MorpekoMode Affamé
6%
0666 PrismillonMotif Monarchie
6%
0763 Sucreine
6%
0705 ColimuscusForme de Hisui
0%
0871 Wattapik
0%
Aucun quiz correspondant
Distribution des résultats
% des personnes avec chaque résultat
Percentile par nombre de réponses
Votre historique - résultats
Vous n’avez pas pris ce quiz